书目信息 |
| 题名: |
民国书影经眼录
|
|
| 作者: | 吴良忠 著 | |
| 分册: | ||
| 出版信息: | 上海 上海远东出版社 2011.05 |
|
| 页数: | 295页 | |
| 开本: | 21cm | |
| 丛书名: | 远东新书 | |
| 单 册: | ||
| 中图分类: | G256.29 | |
| 科图分类: | ||
| 主题词: | 书影--中国--民国 , 书影 | |
| 电子资源: | ||
| ISBN: | 978-7-5476-0331-4 | |
| 000 | 00840oam2 2200265 450 | |
| 001 | 010050013838 | |
| 005 | 20120619095541.31 | |
| 010 | @a978-7-5476-0331-4@dCNY42.00 | |
| 100 | @a20110701d2011 em y0chiy50 ea | |
| 101 | 0 | @achi |
| 102 | @aCN@b310000 | |
| 105 | @aaf z 000yy | |
| 106 | @ar | |
| 200 | 1 | @a民国书影经眼录@9min guo shu ying jing yan lu@f吴良忠著 |
| 210 | @a上海@c上海远东出版社@d2011.05 | |
| 215 | @a295页@c图,图版(4页)@d21cm | |
| 225 | 2 | @a远东新书 |
| 330 | @a本书分美术专著、作家专著、翻译作品、杂著几个部分,内容包括:近代木刻选集、比亚兹莱画选、新俄画选、一个人的受难、亚洲在漫画中等。 | |
| 461 | 0 | @12001 @a远东新书 |
| 606 | 0 | @a书影@y中国@z民国 |
| 606 | 0 | @a书影 |
| 690 | @aG256.29@v4 | |
| 701 | 0 | @a吴良忠@9wu liang zhong@4著 |
| 801 | 0 | @aCN@bRENTIAN@c20110629 |
| 905 | @b539298-302@dG256.29@e81@f5 | |
| 民国书影经眼录/吴良忠著.-上海:上海远东出版社,2011.05 |
| 295页:图,图版(4页);21cm.-(远东新书) |
| ISBN 978-7-5476-0331-4:CNY42.00 |
| 本书分美术专著、作家专著、翻译作品、杂著几个部分,内容包括:近代木刻选集、比亚兹莱画选、新俄画选、一个人的受难、亚洲在漫画中等。 |
| ● |
| 相关链接 |
|
|
|
|
正题名:民国书影经眼录
索取号:G256.29/81
 
预约/预借
| 序号 | 登录号 | 条形码 | 馆藏地/架位号 | 状态 | 备注 |
| 1 | 539298 | 205392984 | 第一样本阅览室/ [索取号:G256.29/81] | 在馆 | |
| 2 | 539299 | 205392993 | 第四借阅区/ [索取号:G256.29/81] | 在馆 | |
| 3 | 539300 | 205393000 | 第四借阅区/ [索取号:G256.29/81] | 在馆 | |
| 4 | 539301 | 205393019 | 第四借阅区/ [索取号:G256.29/81] | 在馆 | |
| 5 | 539302 | 205393028 | 第四借阅区/ [索取号:G256.29/81] | 在馆 |